| 000 | 00733cam a22002653a 4500 | ||
|---|---|---|---|
| 001 | 25644 | ||
| 003 | PGUSA | ||
| 005 | 20140828083542.0 | ||
| 008 | 080530s2008||||xxu|||||s|||||000 1 eng d | ||
| 040 |
_aPGUSA _beng |
||
| 042 | _adc | ||
| 050 | 4 | _aPS | |
| 100 | 1 |
_aGarrett, Randall, _d1927-1987 |
|
| 245 | 1 | 4 |
_aThe Man Who Hated Mars _h[electronic resource] / _cRandall Garrett |
| 260 |
_bProject Gutenberg, _c2008 |
||
| 506 | _aPublic domain in the USA. | ||
| 516 | _aElectronic text | ||
| 653 | _aScience fiction | ||
| 653 | _aShort stories | ||
| 653 | _aEscapes -- Fiction | ||
| 653 | _aMars (Planet) -- Fiction | ||
| 830 | 0 |
_aProject Gutenberg _v25644 |
|
| 856 | 4 | 0 | _uhttp://www.gutenberg.org/ebooks/25644 |
| 942 | _cEB | ||
| 999 |
_c254899 _d254899 |
||